| 000 | 00732nam a2200217Ii 4500 | ||
|---|---|---|---|
| 003 | JO-AjNU | ||
| 008 | 230606s9999||||xx |||||||||||||| ||und|| | ||
| 020 | _a978-0-415-30867-0(hbk) , 978-0-415-30868-7(pbk) , 978-0-203-16771-7(ebk) | ||
| 040 |
_aJO-AjNU _beng _erda _cJO-AjNU |
||
| 041 | _aeng | ||
| 050 | 1 | 4 | _aPR2880.A1.K45 2009 |
| 100 | 3 |
_aKidnie, Margaret Jane, _eauthor _92765 |
|
| 245 | 0 | 0 | _aShakespeare and the Problem Of Adaptation |
| 250 | _a1 ed | ||
| 264 | 3 | 1 | _aNew York:Routledge ,2009 |
| 300 | _a210P | ||
| 336 |
_atext _btxt _2rdacontent |
||
| 337 |
_aunmediated _bn _2rdamedia |
||
| 338 |
_avolume _bnc _2rdacarrier |
||
| 650 | 4 |
_aShakespeare,William - Histories and Criticism - Stage History -English Drama _92766 |
|
| 999 |
_aE1448 _c1448 _d1448 |
||